000
00298pab a2200133 454500
008
180718b1987 xxu||||| |||| 00| 0 eng d
245
_a
Corruption
_b
Pakistan style
260
_c
1987
300
_a
8-9
362
_a
16 May
650
_a
Corruption - Pakistan
773
_a
Mainstream
909
_a
6764
999
_c
6764
_d
6764